Statistiques concernant Vainqueurs de l'Euro

Cliquez ici pour prendre le quiz!

Statistiques générales

  • Ce quiz a été pris 493 fois
  • Le résultat moyen est 14 sur 16

Statistiques - réponses

AnnéePays hôtePays vainqueur% Correct
2008Autriche - SuisseEspagne
99%
1964EspagneEspagne
99%
2012Pologne - UkraineEspagne
99%
1968ItalieItalie
99%
2020EuropeItalie
99%
2016FrancePortugal
99%
1984FranceFrance
98%
2000Belgique - Pays-BasFrance
98%
1996AngleterreAllemagne
97%
1972BelgiqueAllemagne de l'Ouest
96%
1980ItalieAllemagne de l'Ouest
96%
2004PortugalGrèce
85%
1988Allemagne de l'OuestPays-Bas
74%
1960FranceURSS
68%
1992SuèdeDanemark
60%
1976YougoslavieTchécoslovaquie
33%

Distribution des résultats

Percentile par nombre de réponses

% des personnes avec chaque résultat

Votre développement - résultats

Vous n’avez pas pris ce quiz